THE FUNDAMENTALS OF FRUIT PRODUCTION (Record no. 33702)

MARC details
000 -LEADER
fixed length control field 00298nam a22001337a 4500
003 - CONTROL NUMBER IDENTIFIER
control field SGT
082 ## - DEWEY DECIMAL CLASSIFICATION NUMBER
Classification number 634
Item number GAR
100 ## - MAIN ENTRY--PERSONAL NAME
Personal name GARDNER VICTOR RAY
245 ## - TITLE STATEMENT
Title THE FUNDAMENTALS OF FRUIT PRODUCTION
260 ## - PUBLICATION, DISTRIBUTION, ETC. (IMPRINT)
Place of publication, distribution, etc NEW YORK
Name of publisher, distributor, etc MC GROW HILL PUB
Year of Publication 1952
300 ## - PAGE DESCRIPTION
No. of Pages 739
650 ## - SUBJECT ADDED ENTRY--TOPICAL TERM
Topical term or geographic name as entry element AG
942 ## - ADDED ENTRY ELEMENTS (KOHA)
Source of classification or shelving scheme Dewey Decimal Classification
Koha item type Rare Books
Holdings
Withdrawn status Lost status Source of classification or shelving scheme Damaged status Not for loan Home library Current library Date acquired SGTU Total Checkouts Full call number Accession No. (Barcode) Date last seen Bill Date Koha item type
    Dewey Decimal Classification     SGT Science & Social Sciences Library SGT Science & Social Sciences Library 29/01/2026 SGTU   634 GAR AG2723 29/01/2026 29/01/2026 Rare Books